000
00310nam a2200145Ia 4500
100
_a
Deikman alan
942
_c
BK
654
_a
Unix
245
_a
Unix programming on the 80286
260
_b
BPB Publication
_a
Delhi
_c
1989
082
_a
5.13
300
_a
445
546
_a
ENGLISH
_c
Computers
999
_c
24401
_d
24401